000 01027nam a2200265Ia 4500
003 OSt
005 20221005103922.0
006 a|||||r|||| 00| 0
007 ta
008 221004b |||||||| |||| 00| 0 hin d
020 _a9788170168560 (hbk)
_c300
024 _a106021
037 _b12952, 18/03/2011, Kitab Ghar
_cTextual
040 _aCRL
_cCRL
_bhin
041 _2hin
_ahin
082 _aO152,2N62,VI, P8
100 _aशर्मा, रवि
245 0 _aविरासत
_b भारतीय सांस्कृतिक चिंतन पर आधारित धारावाहिक
246 _aVirāsata: bhāratīya sāanskṛutik chiantan par ādhārit dhārāvāhika
260 _aदिल्ली
_bकिताबघर भारत
_c2008
300 _a259पृ0
_ccm.
650 _aहिन्दी साहित्य
942 _hO152,2N62,VI, P8
_cTEXL
_2cc
999 _c1011274
_d1011274